000 01409cad a22002655a 4500
001 L160078
008 120529s2011 xxk g 000 0 eng d
035 _a(Sirsi) u160078
041 0 _aeng
110 _aFederation International Des Geometres
111 2 _aFIG Working Week 2011
_bMarrakech, Morocco
_c18-22 May 2011
245 0 4 _aThe management of state and public sector land
_h[electronic resource]
260 _aMorocco
_bFIG
_c2011
520 _aExamines the institutional framework for state land management including policies, the institutions for managing state land, registration, cadastral and other records, accounting policies, and outsourcing. It looks at the relationship between the state and others with an interest in the land, including letting policies, the state as a tenant of private land, public private partnerships, customary and communal rights over state land, compulsory purchase, and restitution.
650 2 4 _aCompulsory purchase
_96228
650 2 4 _aRESTITUTION
650 2 4 _aLAND MANAGEMENT
651 4 _aInternational
690 _aLAND
700 1 _aGrover, Richard
700 1 _aElia, Elikkos
856 4 0 _uhttps://www.rics.org/Global/Downloads/RICS_FIG_Grover_and_Elias_FIG_Marrakech_Paper_pdf.pdf
_zView the presentation free of charge at www.rics.org
856 4 0 _uhttps://www.fig.net/fig2011/
_zView the item free of charge at www.fig.net
942 _n0
999 _c116195
_d116195